[Event "COL-chT"]
[Site "Bucaramanga"]
[Date "2022.09.08"]
[Round "5.2"]
[White "Morales Guerrero, Alfonso Javier"]
[Black "Hernandez Banquett, Bryan Steven"]
[Result "1/2-1/2"]
[WhiteElo "1872"]
[BlackElo "1971"]
[PlyCount "142"]
[EventDate "2022.09.06"]
[EventType "team-swiss"]
[EventRounds "7"]
[EventCountry "COL"]
[SourceTitle "CBM 210 Extra"]
[Source "ChessBase"]
[SourceDate "2022.11.30"]
[SourceVersion "1"]
[SourceVersionDate "2022.11.30"]
[SourceQuality "1"]
[WhiteTeam "Santander Almo"]
[BlackTeam "Cordoba"]
[WhiteTeamCountry "COL"]
[BlackTeamCountry "COL"]

1. e4 c6 2. d4 d5 3. Nd2 dxe4 4. Nxe4 Nf6 5. Ng3 h5 6. Bc4 e6 7. h3 Bd6 8. Bg5 Qa5+ 9. Qd2 Qxd2+ 10. Bxd2 h4 11. N3e2 b5 12. Bd3 Bb7 13. Nf3 Nbd7 14. Bg5 a6 15. 0-0-0 Rc8 16. Bxh4 c5 17. dxc5 Bxc5 18. Bg3 Ne4 19. Bxe4 Bxe4 20. Ne1 Nb6 21. f3 Be3+ 22. Kb1 Bh7 23. Nd3 Nc4 24. Bf4 Bb6 25. Nc3 0-0 26. Ne4 Rfd8 27. Rhe1 a5 28. Ne5 Rd5 29. Nxc4 Rxc4 30. Rxd5 exd5 31. Nc3 Bxc2+ 32. Kxc2 b4 33. Bd2 bxc3 34. bxc3 d4 35. Re4 Rc8 36. Kd3 dxc3 37. Bxc3 Rd8+ 38. Kc4 Rc8+ 39. Kb5 Rxc3 40. Kxb6 Ra3 41. Re2 Kh7 42. Rd2 Kg6 43. Rc2 f5 44. Kc5 Kg5 45. Kb5 g6 46. Rd2 Kf4 47. Kc5 Ke3 48. Rb2 Kf4 49. Kd5 g5 50. Ke6 g4 51. fxg4 fxg4 52. h4 g3 53. Kf6 Kg4 54. h5 Kxh5 55. Kf5 Kh6 56. Rb6+ Kg7 57. Rb7+ Kf8 58. Rb2 Ke7 59. Rd2 Rc3 60. Kf4 Ke6 61. Re2+ Kd6 62. Re3 Rc2 63. Ra3 Rxg2 64. Rxa5 Rg1 65. Kf3 g2 66. Kf2 Rf1+ 67. Kxg2 Rf8 68. Kg3 Kc6 69. a4 Kb6 70. Rb5+ Ka6 71. Kg4 Rc8 1/2-1/2

[Event "COL-chT"]
[Site "Bucaramanga"]
[Date "2022.09.06"]
[Round "1.2"]
[White "Morales Guerrero, Alfonso Javier"]
[Black "Campos Gomez, Manuel"]
[Result "0-1"]
[WhiteElo "1872"]
[BlackElo "2288"]
[PlyCount "76"]
[EventDate "2022.09.06"]
[EventType "team-swiss"]
[EventRounds "7"]
[EventCountry "COL"]
[SourceTitle "CBM 210 Extra"]
[Source "ChessBase"]
[SourceDate "2022.11.30"]
[SourceVersion "1"]
[SourceVersionDate "2022.11.30"]
[SourceQuality "1"]
[WhiteTeam "Santander Almo"]
[BlackTeam "Valle"]
[WhiteTeamCountry "COL"]
[BlackTeamCountry "COL"]

1. d4 d5 2. g3 Nf6 3. Bg2 Bf5 4. Nf3 h6 5. 0-0 e6 6. Nbd2 Bd6 7. c4 c6 8. Ne5 Nbd7 9. Ndf3 0-0 10. Bf4 Bc7 11. Qb3 Rb8 12. Rac1 g5 13. Nxd7 Qxd7 14. Bxc7 Qxc7 15. Rfd1 Qe7 16. Ne5 Rfd8 17. Rc3 Be4 18. Re3 Rbc8 19. c5 Bf5 20. Rf1 Rb8 21. f4 g4 22. Qb4 Kg7 23. Ra3 a6 24. Rb3 h5 25. Qd2 Rh8 26. Rc1 Be4 27. h4 gxh3 28. Bxh3 Ng4 29. Bxg4 hxg4 30. Nxg4 Rh1+ 31. Kf2 Rbh8 32. Rxh1 Rxh1 33. Qb4 Qd8 34. Ne5 Qh8 35. Ke3 Qh2 36. Kd2 Qg1 37. Rc3 Qe1+ 38. Ke3 Rh2 0-1

[Event "COL Subzt 2.3.4"]
[Site "Risarald"]
[Date "2021.11.26"]
[Round "6"]
[White "Negron Lizarazo, Juan Sebastian"]
[Black "Morales Guerrero, Alfonso Javier"]
[Result "1/2-1/2"]
[WhiteElo "1497"]
[BlackElo "1910"]
[PlyCount "93"]
[EventDate "2021.11.23"]
[EventType "swiss"]
[EventRounds "9"]
[EventCountry "COL"]
[SourceTitle "CBM 205 Extra"]
[Source "ChessBase"]
[SourceDate "2022.01.31"]
[SourceVersion "1"]
[SourceVersionDate "2022.01.31"]
[SourceQuality "1"]

1. e4 e5 2. Nf3 Nc6 3. Bb5 Nf6 4. d3 d6 5. c3 Be7 6. Qe2 0-0 7. 0-0 Bg4 8. Nbd2 Nh5 9. Re1 Nf4 10. Qe3 Bg5 11. Nxg5 Qxg5 12. Nf1 Bh3 13. Qg3 Qxg3 14. hxg3 Nxg2 15. Re2 Bg4 16. f3 Bxf3 17. Rf2 Ne1 18. Be3 Nxd3 19. Rxf3 Nc5 20. Bxc5 dxc5 21. Rd1 Nd8 22. Rd7 Rc8 23. Bc4 g6 24. Ne3 c6 25. Ng4 b5 26. Nh6+ Kg7 27. Nxf7 Nxf7 28. Rfxf7+ Rxf7 29. Bxf7 a5 30. Bb3+ Kf6 31. Rxh7 c4 32. Bc2 Rd8 33. Rh2 Kg5 34. Rf2 c5 35. b3 cxb3 36. axb3 a4 37. bxa4 bxa4 38. Bxa4 Rd3 39. Rc2 Kg4 40. Kh2 Kf3 41. c4 g5 42. Bc6 Rd6 43. Rc3+ Kf2 44. Rc2+ Kf3 45. Rc3+ Kf2 46. Rc2+ Kf3 47. Rc3+ 1/2-1/2

[Event "Gachantiva Boyaca Cup"]
[Site "Gachantiva"]
[Date "2016.06.05"]
[Round "3"]
[White "Morales Guerrero, Alfonso Javier"]
[Black "Castillo Echeverry, Fabio"]
[Result "1-0"]
[WhiteElo "1972"]
[BlackElo "1963"]
[PlyCount "85"]
[EventDate "2016.06.04"]
[EventType "swiss"]
[EventRounds "6"]
[EventCountry "COL"]
[SourceTitle "CBM 172 Extra"]
[Source "ChessBase"]
[SourceDate "2016.06.21"]
[SourceVersion "1"]
[SourceVersionDate "2016.06.21"]
[SourceQuality "1"]

1. e4 c5 2. c3 d6 3. d4 cxd4 4. cxd4 Nf6 5. Nc3 a6 6. Nf3 e6 7. Be2 Nbd7 8. 0-0 Qc7 9. Be3 Be7 10. Rc1 Qb8 11. Qc2 0-0 12. Rfd1 b5 13. Bf4 Nh5 14. Be3 Bb7 15. e5 g6 16. d5 Ng7 17. dxe6 fxe6 18. exd6 Bxd6 19. Ne4 Bxe4 20. Qxe4 Nf6 21. Qd4 Nf5 22. Qb6 Nd5 23. Qxb8 Raxb8 24. Bc5 Rbc8 25. Bxd6 Nxd6 26. Rxc8 Nxc8 27. Ng5 Nf4 28. Bg4 e5 29. g3 h6 30. gxf4 hxg5 31. fxg5 a5 32. Rd5 Nb6 33. Rxb5 Na4 34. b3 Nb2 35. Rxa5 Nd3 36. f3 e4 37. fxe4 Nf2 38. Be6+ Kh8 39. Bd5 Nh3+ 40. Kg2 Nxg5 41. Ra8 Ne6 42. Rxf8+ Nxf8 43. a4 1-0

[Event "Gachantiva Boyaca Cup"]
[Site "Gachantiva"]
[Date "2016.06.04"]
[Round "2"]
[White "Gelvez Chaparro, Jorge Enrique"]
[Black "Morales Guerrero, Alfonso Javier"]
[Result "1/2-1/2"]
[WhiteElo "1688"]
[BlackElo "1972"]
[PlyCount "80"]
[EventDate "2016.06.04"]
[EventType "swiss"]
[EventRounds "6"]
[EventCountry "COL"]
[SourceTitle "CBM 172 Extra"]
[Source "ChessBase"]
[SourceDate "2016.06.21"]
[SourceVersion "1"]
[SourceVersionDate "2016.06.21"]
[SourceQuality "1"]

1. c4 c5 2. g3 Nf6 3. Bg2 e6 4. Nf3 Nc6 5. 0-0 Be7 6. d3 0-0 7. Nc3 a6 8. a3 Qc7 9. Bf4 d6 10. Rb1 Nh5 11. Bg5 Rb8 12. Bxe7 Nxe7 13. b4 cxb4 14. axb4 b5 15. Qb3 Bd7 16. Rfc1 bxc4 17. dxc4 Rfc8 18. Ne4 Bc6 19. Nfd2 Qd8 20. Bf3 Bxe4 21. Nxe4 Nf6 22. Nxf6+ gxf6 23. Qd3 Nc6 24. Bxc6 Rxc6 25. b5 axb5 26. cxb5 Rxc1+ 27. Rxc1 Qb6 28. Rc6 Qxb5 29. Qxb5 Rxb5 30. Rxd6 Kg7 31. Kg2 Rc5 32. Rd4 h6 33. h4 h5 34. Rb4 f5 35. f4 Rc2 36. Kf3 Rc3+ 37. e3 Ra3 38. Rd4 Rb3 39. Ke2 Ra3 40. Rd3 Ra2+ 1/2-1/2

[Event "Bucaramanga Udi Cup"]
[Site "Bucaramanga"]
[Date "2014.10.18"]
[Round "7"]
[White "Mantilla Ortiz, Juan David"]
[Black "Morales Guerrero, Alfonso Javier"]
[Result "0-1"]
[WhiteElo "1365"]
[BlackElo "1967"]
[PlyCount "64"]
[EventDate "2014.10.15"]
[EventType "swiss"]
[EventRounds "9"]
[EventCountry "COL"]
[SourceTitle "EXT 2015"]
[Source "ChessBase"]
[SourceDate "2014.11.20"]
[SourceVersion "1"]
[SourceVersionDate "2014.11.20"]
[SourceQuality "1"]

1. e4 e5 2. Nf3 Nc6 3. Bc4 Bc5 4. c3 Nf6 5. d4 exd4 6. cxd4 Bb4+ 7. Bd2 Bxd2+ 8. Nbxd2 0-0 9. 0-0 d5 10. exd5 Nxd5 11. Rc1 Bg4 12. Qc2 Nb6 13. Qc3 Ne7 14. Bb3 Nbd5 15. Qd3 c6 16. Bc2 Bf5 17. Qb3 Bxc2 18. Rxc2 Qb6 19. Qxb6 axb6 20. a3 Rfe8 21. Nc4 Rad8 22. Rb1 f6 23. b4 b5 24. Na5 Rd7 25. Rd1 Nf5 26. Nb3 Rde7 27. Nc5 Nxd4 28. Rcd2 Nxf3+ 29. gxf3 Re1+ 30. Kg2 R1e2 31. Rxe2 Rxe2 32. Nxb7 Ne3+ 0-1

[Event "Bucaramanga Udi Cup"]
[Site "Bucaramanga"]
[Date "2014.10.16"]
[Round "2"]
[White "Morales Guerrero, Alfonso Javier"]
[Black "Fernandez Guillen, Ernesto J"]
[Result "0-1"]
[WhiteElo "1967"]
[BlackElo "2335"]
[PlyCount "106"]
[EventDate "2014.10.15"]
[EventType "swiss"]
[EventRounds "9"]
[EventCountry "COL"]
[SourceTitle "EXT 2015"]
[Source "ChessBase"]
[SourceDate "2014.11.20"]
[SourceVersion "1"]
[SourceVersionDate "2014.11.20"]
[SourceQuality "1"]

1. e4 e5 2. Bc4 Nc6 3. d3 Nf6 4. Nc3 Bb4 5. Nge2 d5 6. exd5 Nxd5 7. 0-0 Be6 8. Nxd5 Bxd5 9. Bxd5 Qxd5 10. Bd2 Bxd2 11. Qxd2 0-0-0 12. Nc3 Qd7 13. f4 Qd4+ 14. Kh1 e4 15. Rad1 exd3 16. Qxd3 Qxd3 17. cxd3 Rhe8 18. Rf3 Nd4 19. Rh3 h6 20. g4 f5 21. gxf5 Nxf5 22. Rh5 Ne3 23. Rg1 Rxd3 24. Rxg7 Rf8 25. Re5 Nf5 26. Rg6 Rd2 27. Re2 Rxe2 28. Nxe2 Re8 29. Rg2 Rd8 30. Nc3 a6 31. Re2 Nd4 32. Rf2 Nf5 33. Re2 b6 34. Re6 Rd4 35. Re4 Rd2 36. Re2 Rd4 37. Re4 Rd3 38. Re5 Nd6 39. Re6 Rd4 40. Rxh6 Rd2 41. Rf6 Rxb2 42. h4 Rc2 43. Nd5 Ne4 44. Rg6 Rxa2 45. h5 Ra5 46. Ne7+ Kd7 47. h6 Kxe7 48. Rg7+ Kf6 49. Rxc7 Rh5+ 50. Kg2 Rxh6 51. Rc6+ Kg7 52. Rc7+ Kf8 53. Kf3 Nc5 0-1

[Event "Santander UDI Cup"]
[Site "Santander"]
[Date "2013.06.03"]
[Round "7"]
[White "Morales Guerrero, Alfonso Javier"]
[Black "Rey, Luis Hernando"]
[Result "1-0"]
[WhiteElo "1974"]
[BlackElo "1688"]
[PlyCount "120"]
[EventDate "2013.05.31"]
[EventType "swiss"]
[EventRounds "8"]
[EventCountry "COL"]
[SourceTitle "CBM 154 Extra"]
[Source "ChessBase"]
[SourceDate "2013.06.25"]
[SourceVersion "2"]
[SourceVersionDate "2013.06.25"]
[SourceQuality "1"]

1. e4 c5 2. Nf3 d6 3. d4 cxd4 4. Nxd4 Nf6 5. Nc3 a6 6. Be3 e5 7. Nb3 Be6 8. Qd2 Be7 9. Be2 Nbd7 10. 0-0 Rc8 11. Rad1 0-0 12. Kh1 b5 13. a3 Nb6 14. Bxb6 Qxb6 15. f4 Rfd8 16. f5 Bc4 17. Bd3 d5 18. exd5 Nxd5 19. Nxd5 Rxd5 20. Qe2 Bxd3 21. Rxd3 Rxd3 22. Qxd3 Rd8 23. Qe4 Qd6 24. Re1 f6 25. h3 Qd5 26. Qxd5+ Rxd5 27. Kg1 Bd8 28. Kf2 Kf8 29. Kf3 Ke7 30. Re2 Bb6 31. Rd2 Kd6 32. Ke4 Rxd2 33. Nxd2 Bd4 34. c3 Bf2 35. g4 h6 36. Nf3 Bg3 37. Ng1 Bf2 38. Ne2 Bh4 39. b3 Be1 40. Kd3 Kd5 41. Ke3 Bh4 42. Kd3 a5 43. c4+ bxc4+ 44. bxc4+ Kc5 45. Nc3 Kc6 46. Ne4 Be1 47. Ke2 Bh4 48. Kd2 Bg5+ 49. Kc3 Bh4 50. Kb3 Kb6 51. Kc3 Kc6 52. Kd3 Be1 53. Kc2 Bh4 54. Kc3 Be1+ 55. Kb3 Bh4 56. Ka4 Be1 57. c5 Kc7 58. Kb5 a4 59. c6 Bh4 60. Nc5 Kd6 1-0

[Event "Santander UDI Cup"]
[Site "Santander"]
[Date "2013.06.03"]
[Round "8"]
[White "Quintero Rangel, Edwin"]
[Black "Morales Guerrero, Alfonso Javier"]
[Result "1-0"]
[WhiteElo "1833"]
[BlackElo "1974"]
[PlyCount "83"]
[EventDate "2013.05.31"]
[EventType "swiss"]
[EventRounds "8"]
[EventCountry "COL"]
[SourceTitle "CBM 154 Extra"]
[Source "ChessBase"]
[SourceDate "2013.06.25"]
[SourceVersion "2"]
[SourceVersionDate "2013.06.25"]
[SourceQuality "1"]

1. d4 d5 2. c4 c6 3. e3 Nf6 4. Nc3 Bf5 5. cxd5 Nxd5 6. Bd3 e6 7. Nf3 Bb4 8. Qc2 Bxd3 9. Qxd3 Qa5 10. Bd2 0-0 11. 0-0 Nxc3 12. bxc3 Be7 13. Rfb1 Qc7 14. Rb3 Nd7 15. Rab1 b6 16. c4 Rfd8 17. Qc2 Nf6 18. a4 c5 19. a5 bxa5 20. Rb7 Qd6 21. Bxa5 Rdc8 22. Bd2 cxd4 23. Bb4 d3 24. Qb3 Rc5 25. Bxc5 Qxc5 26. Qxd3 Rd8 27. Rb8 Rxb8 28. Rxb8+ Bf8 29. g3 h6 30. Nd2 Qh5 31. f3 g6 32. Qd8 Nh7 33. Kg2 Qc5 34. Ne4 Qxe3 35. Nf6+ Kg7 36. Nxh7 Qe2+ 37. Kh3 Qf1+ 38. Kh4 g5+ 39. Nxg5 hxg5+ 40. Qxg5+ Kh7 41. Rxf8 Qxc4+ 42. f4 1-0

[Event "COL-ch Universities"]
[Site "Santa Marta"]
[Date "2012.10.28"]
[Round "6"]
[White "Montiel, Oscar"]
[Black "Morales Guerrero, Alfonso Javier"]
[Result "0-1"]
[WhiteElo "1620"]
[BlackElo "1998"]
[PlyCount "114"]
[EventDate "2012.10.26"]
[EventType "swiss"]
[EventRounds "6"]
[EventCountry "COL"]
[SourceTitle "EXT 2015"]
[Source "ChessBase"]
[SourceDate "2014.11.20"]
[SourceVersion "1"]
[SourceVersionDate "2014.11.20"]
[SourceQuality "1"]

1. d4 Nf6 2. e3 e6 3. Nd2 Be7 4. Bd3 0-0 5. f4 d5 6. Ngf3 c5 7. c3 Nc6 8. 0-0 Qc7 9. Ne5 cxd4 10. exd4 Nxe5 11. fxe5 Ne8 12. Qh5 g6 13. Qh6 f5 14. Nf3 Rf7 15. Ng5 Rg7 16. g4 Bxg5 17. Bxg5 Rf7 18. Rf4 a6 19. Raf1 b6 20. h4 Rg7 21. Kh2 Qf7 22. Bc2 Ra7 23. Bd1 Qf8 24. gxf5 exf5 25. Rg4 Rgf7 26. Qxf8+ Rxf8 27. Rg3 Kf7 28. h5 Rg8 29. h6 Nc7 30. Be2 Be6 31. Rc1 b5 32. b3 Rb8 33. Rc2 a5 34. c4 bxc4 35. bxc4 dxc4 36. Bxc4 Nd5 37. Bd2 Nb4 38. Bxe6+ Kxe6 39. Rb2 Rab7 40. a3 Nc6 41. Rxb7 Rxb7 42. a4 Rb2 43. Kh3 Rxd2 44. Rxg6+ Kd7 45. Rg7+ Ne7 46. Rxh7 Rd3+ 47. Kg2 Rxd4 48. Rg7 Rh4 49. h7 Ke6 50. Kg3 Rh6 51. Kf4 Nd5+ 52. Kg5 Rh1 53. Rg6+ Kxe5 54. Rh6 Rg1+ 55. Kh4 Rh1+ 56. Kg5 Rg1+ 57. Kh4 Kf4 0-1

[Event "San Cristobal Bolivar op 1st"]
[Site "San Cristobal"]
[Date "2012.09.28"]
[Round "6"]
[White "Ruge, Edison"]
[Black "Morales Guerrero, Alfonso Javier"]
[Result "1-0"]
[WhiteElo "2205"]
[BlackElo "1998"]
[PlyCount "61"]
[EventDate "2012.09.25"]
[EventType "swiss"]
[EventRounds "10"]
[EventCountry "VEN"]
[SourceTitle "EXT 2013"]
[Source "ChessBase"]
[SourceDate "2012.11.22"]
[SourceVersion "1"]
[SourceVersionDate "2012.11.22"]
[SourceQuality "1"]

1. Nf3 Nf6 2. g3 g6 3. Bg2 Bg7 4. 0-0 0-0 5. d3 d5 6. Nbd2 c5 7. Re1 Nc6 8. e4 e6 9. c3 dxe4 10. dxe4 Qc7 11. Qc2 b5 12. Nf1 Bb7 13. Bf4 Qe7 14. h4 h6 15. N1h2 Rfd8 16. g4 Nd7 17. a4 b4 18. a5 Ba6 19. e5 Rac8 20. Qc1 Kh7 21. Qe3 Nf8 22. Bf1 Qb7 23. h5 g5 24. Bxg5 hxg5 25. Nxg5+ Kg8 26. Bxa6 Qxa6 27. Qf4 Rc7 28. Ne4 Ne7 29. Nf6+ Kh8 30. h6 Nfg6 31. hxg7+ 1-0

[Event "Santander U20"]
[Site "Santander"]
[Date "2012.07.18"]
[Round "11"]
[White "Herrera Perez, Martin Steven"]
[Black "Morales Guerrero, Alfonso Javier"]
[Result "1-0"]
[WhiteElo "1944"]
[BlackElo "2020"]
[PlyCount "81"]
[EventDate "2012.07.13"]
[EventType "tourn"]
[EventRounds "11"]
[EventCountry "COL"]
[SourceTitle "EXT 2014"]
[Source "ChessBase"]
[SourceDate "2013.11.20"]
[SourceVersion "1"]
[SourceVersionDate "2013.11.20"]
[SourceQuality "1"]

1. e4 e5 2. Nf3 Nf6 3. Nxe5 d6 4. Nf3 Nxe4 5. Nc3 Nxc3 6. dxc3 Be7 7. Bf4 0-0 8. Qd2 Nc6 9. 0-0-0 Be6 10. Kb1 Qd7 11. h4 Bf6 12. Bd3 Rad8 13. Ng5 Bf5 14. g4 Bxd3 15. Qxd3 g6 16. Qh3 Be5 17. Bc1 f6 18. Nf3 f5 19. g5 f4 20. Qg2 Qf7 21. h5 Ne7 22. hxg6 Nxg6 23. Rh3 Qf5 24. Rdh1 Rf7 25. Nxe5 Nxe5 26. Qxb7 c6 27. Qb3 d5 28. Qa4 Rb8 29. Rh4 Rfb7 30. Rxf4 Qe6 31. b3 Nc4 32. Rfh4 Qe5 33. g6 Qxc3 34. gxh7+ Kh8 35. Rxc4 Qxc4 36. Qxc4 dxc4 37. Bb2+ Rg7 38. Bxg7+ Kxg7 39. h8Q+ Rxh8 40. Rxh8 Kxh8 41. bxc4 1-0

[Event "Santander U20"]
[Site "Santander"]
[Date "2012.07.15"]
[Round "6"]
[White "Morales Guerrero, Alfonso Javier"]
[Black "Suarez Pinto, Sergio Rafael"]
[Result "1-0"]
[WhiteElo "2020"]
[BlackElo "1746"]
[PlyCount "99"]
[EventDate "2012.07.13"]
[EventType "tourn"]
[EventRounds "11"]
[EventCountry "COL"]
[SourceTitle "EXT 2014"]
[Source "ChessBase"]
[SourceDate "2013.11.20"]
[SourceVersion "1"]
[SourceVersionDate "2013.11.20"]
[SourceQuality "1"]

1. e4 e5 2. Bc4 Nf6 3. Nf3 Nc6 4. Ng5 d5 5. exd5 Na5 6. Bb5+ Bd7 7. Qe2 Bxb5 8. Qxb5+ c6 9. dxc6 Nxc6 10. Qxb7 Ne7 11. Qb5+ Qd7 12. Qxe5 Rc8 13. Nc3 h6 14. Nge4 Nxe4 15. Qxe4 Rc6 16. 0-0 Re6 17. Qa8+ Nc8 18. Nd5 Bc5 19. Nf4 Re7 20. d3 0-0 21. Qd5 Qxd5 22. Nxd5 Re2 23. Be3 Rxc2 24. Bxc5 Rxc5 25. Ne3 Nb6 26. Rfd1 Rd8 27. d4 Rc6 28. Rd2 Rcd6 29. d5 g6 30. b3 Rc8 31. Rad1 Rc5 32. Kf1 f5 33. g3 Kf7 34. Rd4 Rc3 35. Nc4 Rd8 36. d6 Rc2 37. a4 Rc3 38. Nxb6 axb6 39. Rb4 Rc6 40. d7 Ke7 41. Rbd4 Re6 42. b4 Rc6 43. h4 Re6 44. Re1 Kf7 45. Rxe6 Kxe6 46. a5 bxa5 47. bxa5 Ke5 48. Rd3 g5 49. a6 Ke6 50. a7 1-0

[Event "Santander U20"]
[Site "Santander"]
[Date "2012.07.13"]
[Round "2"]
[White "Rincon R, Javier Duvan"]
[Black "Morales Guerrero, Alfonso Javier"]
[Result "0-1"]
[WhiteElo "1700"]
[BlackElo "2020"]
[PlyCount "70"]
[EventDate "2012.07.13"]
[EventType "tourn"]
[EventRounds "11"]
[EventCountry "COL"]
[SourceTitle "EXT 2014"]
[Source "ChessBase"]
[SourceDate "2013.11.20"]
[SourceVersion "1"]
[SourceVersionDate "2013.11.20"]
[SourceQuality "1"]

1. e4 e5 2. Nf3 Nc6 3. Bb5 Nf6 4. 0-0 Bc5 5. c3 0-0 6. Re1 d6 7. h3 Bd7 8. d3 h6 9. Nbd2 a6 10. Ba4 Ne7 11. Bc2 Ng6 12. Nf1 Ba7 13. d4 Re8 14. Ng3 Bc6 15. d5 Bd7 16. Be3 Bxe3 17. Rxe3 Nf4 18. Ne2 g5 19. Nxf4 gxf4 20. Re1 Kh7 21. c4 Rg8 22. Kh2 Nh5 23. Nxe5 Qg5 24. Ng4 Bxg4 25. Qxg4 Qxg4 26. hxg4 Rxg4 27. e5+ Kh8 28. exd6 Rag8 29. Be4 cxd6 30. Bf3 Rh4+ 31. Kg1 Nf6 32. Re7 Ng4 33. Bxg4 Rhxg4 34. Rxf7 Rxg2+ 35. Kh1 R2g5 0-1

[Event "Santander UDI University op U27"]
[Site "Santander"]
[Date "2012.04.01"]
[Round "6"]
[White "Salcedo, Jackeline"]
[Black "Morales Guerrero, Alfonso Javier"]
[Result "1-0"]
[WhiteElo "1912"]
[BlackElo "2084"]
[PlyCount "77"]
[EventDate "2012.03.29"]
[EventType "swiss"]
[EventRounds "9"]
[EventCountry "COL"]
[SourceTitle "CBM 147 Extra"]
[Source "ChessBase"]
[SourceDate "2012.04.24"]
[SourceVersion "1"]
[SourceVersionDate "2012.04.24"]
[SourceQuality "1"]

1. c4 c5 2. Nc3 Nf6 3. Nf3 g6 4. d4 cxd4 5. Nxd4 Bg7 6. Bf4 d6 7. Bg3 0-0 8. e3 a6 9. Be2 Bd7 10. 0-0 Nc6 11. Rc1 Qb6 12. Qb3 Qa7 13. Rfd1 Rab8 14. Qa3 Nxd4 15. exd4 b6 16. c5 b5 17. b4 Ne8 18. Nd5 Bc6 19. Bf3 Bxd5 20. Bxd5 Nc7 21. Bf3 Rbd8 22. Qe3 Bf6 23. h4 d5 24. Be5 Qb7 25. h5 Qc6 26. Re1 Ne6 27. Bxf6 exf6 28. hxg6 hxg6 29. g3 Ng5 30. Kg2 Kg7 31. Rh1 Rfe8 32. Qf4 Rh8 33. Rce1 Rxh1 34. Rxh1 Rh8 35. Rxh8 Kxh8 36. Qd6 Qxd6 37. cxd6 Ne6 38. Bxd5 Nd8 39. Kf3 1-0

[Event "Santander UDI University op U27"]
[Site "Santander"]
[Date "2012.03.30"]
[Round "3"]
[White "Morales Guerrero, Alfonso Javier"]
[Black "Arenas Vanegas, David"]
[Result "0-1"]
[WhiteElo "2084"]
[BlackElo "2423"]
[PlyCount "54"]
[EventDate "2012.03.29"]
[EventType "swiss"]
[EventRounds "9"]
[EventCountry "COL"]
[SourceTitle "CBM 147 Extra"]
[Source "ChessBase"]
[SourceDate "2012.04.24"]
[SourceVersion "1"]
[SourceVersionDate "2012.04.24"]
[SourceQuality "1"]

1. Nf3 Nf6 2. g3 g6 3. Bg2 Bg7 4. 0-0 0-0 5. d4 d6 6. c4 Nc6 7. Nc3 a6 8. Re1 Rb8 9. e4 Bg4 10. h3 Bxf3 11. Bxf3 Nd7 12. Be3 e5 13. Ne2 exd4 14. Nxd4 Qf6 15. Nxc6 bxc6 16. Be2 Rxb2 17. c5 a5 18. Bg4 Nxc5 19. e5 Qxe5 20. Bc1 Re2 21. Rxe2 Qxa1 22. Kg2 h5 23. Bf3 Ne6 24. Qd2 Nd4 25. Bb2 Nxf3 26. Bxg7 Kxg7 27. Kxf3 Qh1+ 0-1

[Event "Santander UDI University op U27"]
[Site "Santander"]
[Date "2012.03.29"]
[Round "1"]
[White "Morales Guerrero, Alfonso Javier"]
[Black "Salamanca, Juan David"]
[Result "1-0"]
[WhiteElo "2084"]
[BlackElo "1497"]
[PlyCount "61"]
[EventDate "2012.03.29"]
[EventType "swiss"]
[EventRounds "9"]
[EventCountry "COL"]
[SourceTitle "CBM 147 Extra"]
[Source "ChessBase"]
[SourceDate "2012.04.24"]
[SourceVersion "1"]
[SourceVersionDate "2012.04.24"]
[SourceQuality "1"]

1. e4 e5 2. Bc4 Bc5 3. Nc3 Nc6 4. d3 Nf6 5. Bg5 h6 6. Bh4 g5 7. Bg3 d6 8. a3 Be6 9. Nd5 Nd4 10. c3 Nc6 11. h4 g4 12. h5 Bxd5 13. exd5 Ne7 14. Bh4 Neg8 15. Qe2 Qe7 16. Bb5+ Kd8 17. 0-0-0 a6 18. Ba4 b5 19. Bc2 Kd7 20. d4 exd4 21. Bf5+ Ke8 22. Qd2 dxc3 23. Qxc3 Kf8 24. Re1 Qd8 25. Ne2 Kg7 26. Nf4 Qf8 27. Re6 Qd8 28. Rhe1 Rb8 29. Rxf6 Nxf6 30. Re6 fxe6 31. Nxe6+ 1-0

[Event "Santander op"]
[Site "Santander"]
[Date "2011.12.18"]
[Round "4"]
[White "Salazar Arias, Martin"]
[Black "Morales Guerrero, Alfonso Javier"]
[Result "1/2-1/2"]
[WhiteElo "1564"]
[BlackElo "2091"]
[PlyCount "26"]
[EventDate "2011.12.17"]
[EventType "swiss"]
[EventRounds "9"]
[EventCountry "COL"]
[SourceTitle "CBM 146 Extra"]
[Source "ChessBase"]
[SourceDate "2012.02.29"]
[SourceVersion "1"]
[SourceVersionDate "2012.02.29"]
[SourceQuality "1"]

1. e4 c5 2. Nf3 e6 3. Bc4 a6 4. c3 Be7 5. 0-0 d6 6. Re1 b5 7. Bf1 Bb7 8. d4 cxd4 9. cxd4 Nf6 10. Nc3 0-0 11. a3 Nbd7 12. Bg5 h6 13. Bh4 Nb6 1/2-1/2